| 000 | 01005cam a2200289 a 4500 | ||
|---|---|---|---|
| 001 | 000015570 | ||
| 005 | 20200929164059.0 | ||
| 008 | 790723s1978 ve b f000 0 spa | ||
| 040 |
_aDO-SdBNP _bspa _cBNPHU _dDLC |
||
| 082 |
_a883.01 _bA717p, 1970 |
||
| 245 | 0 | 0 |
_aPoética : _bAristóteles / _cversión directa, introducción y notas de Juan David García Bacca. |
| 250 | _a2a. ed. | ||
| 260 |
_aCaracas, Venezuela : _bUniversidad Central de Venezuela, _c1978. |
||
| 300 |
_a165 p. ; _c21 cm. |
||
| 490 | 1 |
_aTemas _v37 |
|
| 490 | 1 | _aEdiciones de la biblioteca | |
| 504 | _aIncluye referencias bibliográficas | ||
| 650 | 4 |
_aPoetica _919471 |
|
| 650 | 4 |
_aRetórica antigua _935130 |
|
| 650 | 4 |
_aPoetica _xColección de escritos _935131 |
|
| 650 | 4 |
_aLiteratura griega _92386 |
|
| 600 | 1 | 4 |
_aARISTOTELES _tPOETICA _935132 |
| 700 | 1 |
_aGarcía Bacca, Juan David, _d1901-1992. _923629 |
|
| 830 | 0 |
_aTemas, _pEdiciones de la biblioteca ; _v37. _935133 |
|
| 910 | _aCatalogación derivada | ||
| 049 | _aBNGR | ||
| 999 |
_c15126 _d15126 |
||